| 000 | 00000nam##2200000za#4500 |
| 001 | 9.574040 |
| 003 | CaOODSP |
| 005 | 20210624184005 |
| 007 | cr ||||||||||| |
| 008 | 150406|2001||||xxc|||||o f|0| 0 eng|d |
| 022 | |a1488-5379 |
| 040 | |aCaOODSP|beng |
| 043 | |an-cn--- |
| 086 | 1 |aFs97-6/2349E-PDF |
| 110 | 1 |aCanada. |bDepartment of Fisheries and Oceans. |
| 245 | 10|aPhytoplankton monitoring in the Western Isles region of the Bay of Fundy during 1997-98 / |h[electronic resource]|cby J.L. Martin, M.M. LeGresley and P.M. Strain. |
| 260 | |aSt. Andrews - New Brunswick : |bFisheries and Oceans Canada |cMarch 2001. |
| 300 | |a84p.|bgraphs, maps, references, tables, photographs |
| 490 | 1 |aCanadian technical report of fisheries and aquatic sciences|x1488-5379|vNo. 2349 |
| 546 | |a(Résumé en français) |
| 590 | |a12-22-Supp|b2012-05-24 |
| 720 | 1 |aMartin, J. L. |
| 720 | 1 |aLeGresley, M. M. |
| 720 | 1 |aStrain, P. M. |
| 776 | 0#|tPhytoplankton monitoring in the Western Isles Region of the Bay of Fundy during 1997-98 / |w(CaOODSP)9.615581 |
| 830 | #0|aCanadian technical report of fisheries and aquatic sciences,|x1488-5379|vNo. 2349|w(CaOODSP)9.504449 |
| 856 | 40|ahttp://publications.gc.ca|qPDF|s3.53 MB|uhttps://publications.gc.ca/collections/collection_2012/mpo-dfo/Fs97-6-2349-eng.pdf|yNo. 2349 |